|
LDR
| 02705cam a2200649 a 4500 |
|---|
| 001 | 54692 |
|---|
| 003 | CZ-PrJAB |
|---|
| 005 | 20130829131026.0 |
|---|
| 007 | ta |
|---|
| 008 | 120712s2012 xr abche 000 0ccze d |
|---|
| 015 | | . |
‡acnb002394104 |
|---|
| 020 | | . |
‡a978-80-86275-25-3
‡q(Faun ;
‡qbrož.)
‡z978-80-7425-087-3 |
|---|
| 035 | | . |
‡a(CZ PrNK)nkc20122394104 |
|---|
| 035 | | . |
‡a(OCoLC)842342946 |
|---|
| 040 | | . |
‡aULG001
‡bcze
‡dHBG001
‡dBOA001 |
|---|
| 043 | | . |
‡ae-gx---
‡ae------ |
|---|
| 045 | | . |
‡ax4x4 |
|---|
| 072 | | 7. |
‡a343.8
‡xVězeňství
‡2Konspekt
‡918 |
|---|
| 072 | | 7. |
‡a929
‡xBiografie
‡2Konspekt
‡98 |
|---|
| 080 | | . |
‡a94(100)"1939/1945"
‡2MRF |
|---|
| 080 | | . |
‡a323.12"1939/1945"
‡2MRF |
|---|
| 080 | | . |
‡a343.819.5
‡2MRF |
|---|
| 080 | | . |
‡a341.43(=411.16)
‡2MRF |
|---|
| 080 | | . |
‡a323.28:343.819.5
‡2MRF |
|---|
| 080 | | . |
‡a929
‡2MRF |
|---|
| 080 | | . |
‡a(430)
‡2MRF |
|---|
| 080 | | . |
‡a(4)
‡2MRF |
|---|
| 080 | | . |
‡a(0:82-94)
‡2MRF |
|---|
| 100 | 1 | . |
‡aNäser, Ute,
‡d1971-
‡7hka2012707335
‡4aut |
|---|
| 245 | 1 | 0. |
‡aSchwarzheide - Nezapomeňte! :
‡bdopisy vězňů pochodu smrti /
‡cUte Näser, Hans Gaertner, Aleš Fuchs |
|---|
| 246 | 3 | 0. |
‡aNezapomeňte! |
|---|
| 260 | | . |
‡aPraha :
‡bFaun :
‡bSdružení vězňů koncentračního tábora Schwarzheide,
‡c2012 |
|---|
| 300 | | . |
‡a186 s. :
‡bil., 1 mapa, portréty, faksim. ;
‡c14 x 20 cm |
|---|
| 500 | | . |
‡aTerminologický slovník |
|---|
| 504 | | . |
‡aObsahuje bibliografické odkazy |
|---|
| 610 | 2 | 7. |
‡aSchwarzheide (koncentrační tábor)
‡7kn20070711002
‡2czenas |
|---|
| 610 | 2 | 9. |
‡aSchwarzheide (Concentration camp)
‡2eczenas |
|---|
| 648 | | 7. |
‡a1945
‡7ch460654
‡2czenas |
|---|
| 648 | | 7. |
‡a1939-1945
‡7ch460653
‡2czenas |
|---|
| 650 | 0 | 7. |
‡adruhá světová válka (1939-1945)
‡7ph117270
‡2czenas |
|---|
| 650 | 0 | 7. |
‡aholocaust (1939-1945)
‡7ph117203
‡2czenas |
|---|
| 650 | 0 | 7. |
‡akoncentrační tábory
‡7ph121782
‡zNěmecko
‡y1939-1945
‡2czenas |
|---|
| 650 | 0 | 7. |
‡akoncentrační tábory
‡7ph121782
‡zEvropa
‡y1939-1945
‡2czenas |
|---|
| 650 | 0 | 7. |
‡adeportace Židů
‡7ph198683
‡2czenas |
|---|
| 650 | 0 | 7. |
‡atransporty smrti
‡7ph311270
‡y1945
‡2czenas |
|---|
| 650 | 0 | 9. |
‡aWorld War, 1939-1945
‡2eczenas |
|---|
| 650 | 0 | 9. |
‡aholocaust, 1939-1945
‡2eczenas |
|---|
| 650 | 0 | 9. |
‡aconcentration camps
‡zGermany
‡y1939-1945
‡2eczenas |
|---|
| 650 | 0 | 9. |
‡aconcentration camps
‡zEurope
‡y1939-1945
‡2eczenas |
|---|
| 650 | 0 | 9. |
‡adeportation of Jews
‡2eczenas |
|---|
| 650 | 0 | 9. |
‡atransports of death
‡y1945
‡2eczenas |
|---|
| 655 | | 7. |
‡aautobiografické vzpomínky
‡7fd131854
‡2czenas |
|---|
| 655 | | 9. |
‡aautobiographical reminiscences
‡2eczenas |
|---|
| 700 | 1 | . |
‡aGaertner, Hanuš,
‡d1926-
‡7jk01032247
‡4aut |
|---|
| 700 | 1 | . |
‡aFuchs, Aleš,
‡d1932-
‡7jk01032125
‡4aut
‡4edt
‡4pht |
|---|
| 910 | | . |
‡aABE461 |
|---|
| 995 | | . |
‡aska |
|---|
| 901 | | . |
‡a54692
‡bAUTOGEN
‡c54692
‡tbiblio |
|---|